CONTROVERSIES IN OBSTETRICS, GYNAECOLOGY & INFERTILITY / (Record no. 795772)

MARC details
000 -LEADER
fixed length control field 00446pam a2200157 a 4500
020 ## - INTERNATIONAL STANDARD BOOK NUMBER
International Standard Book Number 8180617041
Terms of availability
041 ## - LANGUAGE CODE
Language code of original
082 ## - DEWEY DECIMAL CLASSIFICATION NUMBER
Classification number 618.2
Item number ROZ/KRI
100 ## - MAIN ENTRY--PERSONAL NAME
Personal name KRIPLANI, A .
245 ## - TITLE STATEMENT
Title CONTROVERSIES IN OBSTETRICS, GYNAECOLOGY & INFERTILITY /
Statement of responsibility, etc. NULL.
Medium Textual Documents
260 ## - PUBLICATION, DISTRIBUTION, ETC.
Place of publication, distribution, etc. NULL :
Name of publisher, distributor, etc. JAYPEE BROTHERS MEDICAL PUB. ,
Date of publication, distribution, etc. 2006.
300 ## - PHYSICAL DESCRIPTION
Extent 549 :
Other physical details viii ;
Dimensions NULL .
650 ## - SUBJECT ADDED ENTRY--TOPICAL TERM
Topical term or geographic name entry element OBST.GYNE
700 ## - ADDED ENTRY--PERSONAL NAME
Personal name ROZATI, R .
930 ## - EQUIVALENCE OR CROSS-REFERENCE-UNIFORM TITLE HEADING [LOCAL, CANADA]
Uniform title 1236
Holdings
Withdrawn status Lost status Damaged status Not for loan Collection Home library Current library Date acquired Source of acquisition Cost, normal purchase price Total Checkouts Full call number Barcode Date last seen Copy number Price effective from Koha item type
          Medical College & Hospital, Sangli Medical College & Hospital, Sangli 28/11/2011 595.00   618.2 ROZ/KRI MCS-3578 26/07/2023 1 26/07/2023 Book